000 00444pab a2200169 454500
008 180718b1999 xxu||||| |||| 00| 0 eng d
100 _aBhatnagar, Rakesh
245 _aCriminalisation of politics has led to erosion of auathority of the police leadership
260 _c1999
300 _ap.8
362 _a18 Jan
650 _aCrime - India
650 _aPolice - India
650 _aPolice
773 _aTimes of India
909 _a40995
999 _c40995
_d40995